00421nam a2200133 a 45000010005000000030005000050050017000100080041000270400020000682450125000882600034002136500019002477000021002664297CDMR20131024130742.0130130s1981||||||||||||||||||||||||||||d aCDMRbcatcCDMR 0aDe las ondas rojas a las radios libresb: textos para la historia de la radiocpor Lluís M. Bassets i Sánchez (eds.) aBarcelonac1981bGustavo Gili04aRàdio lliure1 aBassets, Lluís